00358nam a2200121Ia 4500003000400000008004100004040001600045082001900061245008100080260005900161300001100220490000500231GCL140319s9999 xx 000 0 ara d aGCL / cGCL04a920.710bخ ج10aالجوهر الاسنى فى تراجم علماء وشعراء بوسنه a[S.N] : bهجر للطباعة والنشر ، c1992 a295 ص a